| 000 | 00841nam a2200265Ia 4500 | ||
|---|---|---|---|
| 003 | OSt | ||
| 005 | 20221005073456.0 | ||
| 006 | a|||||r|||| 00| 0 | ||
| 007 | ta | ||
| 008 | 221004b |||||||| |||| 00| 0 eng d | ||
| 024 | _a24437 | ||
| 037 | _cTextual | ||
| 040 |
_aCRL _cCRL _beng |
||
| 041 |
_2eng _aeng |
||
| 082 | _aV2:2.N9<--N5, N2 | ||
| 110 |
_aNEW DELHI, INDIA INTERNATIONAL CENTRE _9608039 |
||
| 245 | 0 | _aNational seminar on the working of the constitution of India and the need for constitutional reforms | |
| 260 |
_aNew Delhi _bIndia International Centre India _c1992 |
||
| 300 |
_a495p. _ccm. |
||
| 650 | _a INDIA - HISTORY | ||
| 650 |
_aCONSTITUTIONS - INDIA _927902 |
||
| 700 |
_aNEW DELHI, INDIA INTERNATIONAL CENTRE _9608040 |
||
| 942 |
_hV2:2.N9<--N5, N2 _cTEXL _2cc |
||
| 999 |
_c981196 _d981196 |
||